[Event "Urals-ch 72nd"]
[Site "Tiumen"]
[Date "2014.03.27"]
[Round "8"]
[White "Kyznetsov, Alexei"]
[Black "Berzhanin, Ivan"]
[Result "1-0"]
[WhiteElo "1723"]
[BlackElo "1846"]
[PlyCount "91"]
[EventDate "2014.03.20"]
[EventType "swiss"]
[EventRounds "9"]
[EventCountry "RUS"]
[SourceTitle "CBM 159 Extra"]
[Source "ChessBase"]
[SourceDate "2014.04.24"]
[SourceVersion "1"]
[SourceVersionDate "2014.04.24"]
[SourceQuality "1"]

1. e4 e6 2. d4 d5 3. Nc3 Bb4 4. e5 c5 5. a3 Ba5 6. b4 cxb4 7. Nb5 bxa3+ 8. c3 Ne7 9. Nd6+ Kf8 10. Qf3 Nf5 11. Nxf5 exf5 12. Bxa3+ Kg8 13. Ne2 Be6 14. Nf4 h6 15. Be2 Nc6 16. 0-0 Qc8 17. Nxd5 Bxd5 18. Qxd5 Bxc3 19. Rac1 Bxd4 20. Rxc6 Bxf2+ 21. Rxf2 Qxc6 22. Qxc6 bxc6 23. Bf3 Re8 24. Bd6 Kh7 25. Bxc6 Rc8 26. Rc2 Rhd8 27. Kf1 f6 28. Be7 Rd1+ 29. Ke2 Rd4 30. e6 a5 31. Ba3 Rg4 32. g3 h5 33. Kf3 Re4 34. e7 Re5 35. Bd6 Re1 36. Re2 Rd1 37. Bc7 Kh6 38. e8Q Rxe8 39. Bxe8 Rd3+ 40. Re3 Rxe3+ 41. Kxe3 Kg5 42. Kf3 Kh6 43. Bxa5 g5 44. Bd2 f4 45. Bxf4 gxf4 46. Kxf4 1-0

[Event "Urals-ch 72nd"]
[Site "Tiumen"]
[Date "2014.03.24"]
[Round "5"]
[White "Lipatov, Vladislav"]
[Black "Kyznetsov, Alexei"]
[Result "1-0"]
[WhiteElo "1912"]
[BlackElo "1723"]
[PlyCount "59"]
[EventDate "2014.03.20"]
[EventType "swiss"]
[EventRounds "9"]
[EventCountry "RUS"]
[SourceTitle "CBM 159 Extra"]
[Source "ChessBase"]
[SourceDate "2014.04.24"]
[SourceVersion "1"]
[SourceVersionDate "2014.04.24"]
[SourceQuality "1"]

1. e4 c5 2. Nf3 d6 3. d4 cxd4 4. Qxd4 Nc6 5. Bb5 Bd7 6. Bxc6 Bxc6 7. Nc3 Nf6 8. Bg5 e6 9. 0-0-0 Be7 10. Qd3 Qa5 11. Kb1 0-0 12. h4 b5 13. Nd4 Rfc8 14. f4 b4 15. Nxc6 Rxc6 16. Ne2 Rac8 17. Nd4 Ra6 18. Qb3 Qa4 19. Qxa4 Rxa4 20. Nb5 Ra6 21. e5 dxe5 22. fxe5 Nd5 23. Rxd5 Bxg5 24. Rd6 Ra5 25. Nxa7 Rxa7 26. hxg5 g6 27. Rd4 Rca8 28. Rxb4 Rxa2 29. Rb8+ Rxb8 30. Kxa2 1-0